Strand... (Record no. 116495)
[ view plain ]
| 000 -LEADER | |
|---|---|
| fixed length control field | 00940cam a22002055a 4500 |
| 001 - CONTROL NUMBER | |
| control field | L140827 |
| 008 - FIXED-LENGTH DATA ELEMENTS--GENERAL INFORMATION | |
| fixed length control field | 071015s1915 xxk eng u |
| 035 ## - SYSTEM CONTROL NUMBER | |
| System control number | (Sirsi) u140827 |
| 041 0# - LANGUAGE CODE | |
| Language code of text/sound track or separate title | eng |
| 110 2# - MAIN ENTRY--CORPORATE NAME | |
| Corporate name or jurisdiction name as entry element | Farebrother, Ellis and Co. |
| 9 (RLIN) | 5388 |
| 245 00 - TITLE STATEMENT | |
| Title | Strand... |
| Remainder of title | particulars, plan and conditions of sale of a valuable freehold building site situate in the heart of Theatre Land known as the Tivoli site having an area of about 10,720 superficial feet...Messrs. Farebrother Ellis and Co. are instructed by The New Tivoli Limited to offer by auction at the Auction Mart, Tokenhouse Yard, E.C. on Thursday 25th of March 1915... |
| 260 ## - PUBLICATION, DISTRIBUTION, ETC. | |
| Place of publication, distribution, etc. | S.l. |
| Name of publisher, distributor, etc. | s.n. |
| Date of publication, distribution, etc. | [1915] |
| 300 ## - PHYSICAL DESCRIPTION | |
| Extent | 12 p. |
| Dimensions | map, col. |
| -- | 36 cm. |
| 340 ## - PHYSICAL MEDIUM | |
| Material base and configuration | Printed |
| 351 ## - ORGANIZATION AND ARRANGEMENT OF MATERIALS | |
| Hierarchical level | Single item |
| 500 ## - GENERAL NOTE | |
| General note | Includes fold-out colour location plan. |
| 651 4# - SUBJECT ADDED ENTRY--GEOGRAPHIC NAME | |
| Geographic name | London |
| 690 ## - LOCAL SUBJECT ADDED ENTRY--TOPICAL TERM (OCLC, RLIN) | |
| Topical term or geographic name as entry element | PROPERTY-PROPERTY ACQUISITION AND DISPOSAL-ACQUISITION AND DISPOSAL AT AUCTION |
| 942 ## - ADDED ENTRY ELEMENTS (KOHA) | |
| Suppress in OPAC | 0 |
| Withdrawn status | Lost status | Source of classification or shelving scheme | Damaged status | Not for loan | Home library | Current library | Shelving location | Date acquired | Total Checkouts | Full call number | Barcode | Date last seen | Copy number | Price effective from | Koha item type |
|---|---|---|---|---|---|---|---|---|---|---|---|---|---|---|---|
| Dewey Decimal Classification | Historic collection | Historic collection | Historic collection | 15/10/2007 | MAP CABINET DRAWER 6 | 30013210 | 06/08/2019 | 1 | 06/08/2019 | Archive |